| 000 | 00890pam a2200253 i 4500 | ||
|---|---|---|---|
| 003 | URS | ||
| 005 | 20220117100149.0 | ||
| 008 | 960611s1997 njua b 001 0 eng | ||
| 020 | _a0134894448 | ||
| 040 |
_erda _cURS _bEnglish |
||
| 043 | _an-us--- | ||
| 050 | 0 | 0 |
_aMT3.U5 _bL23 1997 |
| 100 |
_aLabuta, Joseph A., _eauthor. |
||
| 245 | 1 | 0 |
_aMusic education : _bhistorical contexts and perspectives / _cJoseph A. Labuta, Deborah A. Smith. |
| 264 |
_aUpper Saddle River, New Jersey : _bPrentice Hall, _c©1997. |
||
| 300 |
_ax, 158 pages : _billustrations ; _c24 cm. |
||
| 336 |
_atext _btxt _2rdacontent |
||
| 337 |
_aunmediated _bn _2rdamedia |
||
| 338 |
_avolume _bnc _2rdacarrier |
||
| 504 | _aIncludes bibliographical references and index. | ||
| 650 | 0 |
_aSchool music _zUnited States _xHistory. _vInstruction and study. |
|
| 700 |
_aSmith, Deborah A., _d1951- _eauthor. |
||
| 942 |
_2lcc _cFR |
||
| 999 |
_c10977 _d10977 |
||